Vista normal Vista MARC

Entrada Topical Term

Número de registros utilizados en: 1

001 - CONTROL NUMBER

  • control field: 39692

003 - CONTROL NUMBER IDENTIFIER

  • control field: OSt

005 - DATE AND TIME OF LATEST TRANSACTION

  • control field: 20210825145413.0

008 - FIXED-LENGTH DATA ELEMENTS

  • fixed length control field: 210825|| aca||aabn | a|a d

040 ## - CATALOGING SOURCE

  • Original cataloging agency: OSt
  • Transcribing agency: OSt

150 ## - HEADING--TOPICAL TERM

  • Topical term or geographic name entry element: Economía como ciencia social

670 ## - SOURCE DATA FOUND

  • Source citation: Work cat.: (OSt)12281: Hirshleifer, Jack, autor 27793, Teoría de precios y sus aplicaciones / , 1976.